[Event "GER-ch U25-B"]
[Site "Willingen"]
[Date "2019.06.13"]
[Round "7"]
[White "Bendtschneider, Nils"]
[Black "Hallfarth, Luise"]
[Result "0-1"]
[WhiteElo "1219"]
[BlackElo "1518"]
[PlyCount "82"]
[EventDate "2019.06.08"]
[EventType "swiss"]
[EventRounds "9"]
[EventCountry "GER"]
[SourceTitle "CBM 191 Extra"]
[Source "ChessBase"]
[SourceDate "2019.09.30"]
[SourceVersion "1"]
[SourceVersionDate "2019.09.30"]
[SourceQuality "1"]

1. d4 Nf6 2. Nf3 b6 3. Bg5 Bb7 4. Nbd2 d6 5. e3 Nbd7 6. Bd3 h6 7. Bh4 g6 8. 0-0 Bg7 9. c3 0-0 10. Qc2 Re8 11. Rfe1 e5 12. dxe5 dxe5 13. Bc4 e4 14. Nd4 a6 15. Qb3 Ne5 16. Red1 b5 17. Be2 c5 18. Nxb5 axb5 19. Bxb5 Bd5 20. c4 Bc6 21. Nxe4 Qe7 22. Rd6 Bxe4 23. Rad1 Reb8 24. f4 Nc6 25. a4 Nb4 26. Rd7 Qe6 27. R7d6 Bc2 28. Qa3 Qf5 29. R1d2 Ne4 30. Be7 Nxd6 31. Bxd6 Rd8 32. b3 Bd3 33. Bxc5 Qxc5 34. Kf2 Bc3 35. Rd1 Bc2 36. Rxd8+ Rxd8 37. Ke2 Rd2+ 38. Kf3 Qh5+ 39. Kg3 Be4 40. f5 Qg5+ 41. Kh3 Bxg2# 0-1

[Event "GER-ch U25-B"]
[Site "Willingen"]
[Date "2019.06.11"]
[Round "4"]
[White "Knerr, Sebastian"]
[Black "Bendtschneider, Nils"]
[Result "1-0"]
[WhiteElo "1685"]
[BlackElo "1219"]
[PlyCount "113"]
[EventDate "2019.06.08"]
[EventType "swiss"]
[EventRounds "9"]
[EventCountry "GER"]
[SourceTitle "CBM 191 Extra"]
[Source "ChessBase"]
[SourceDate "2019.09.30"]
[SourceVersion "1"]
[SourceVersionDate "2019.09.30"]
[SourceQuality "1"]

1. e4 e5 2. Nf3 Nc6 3. Bc4 d6 4. Nc3 Bg4 5. h3 Bh5 6. Nxe5 Nxe5 7. Qxh5 Nf6 8. Qe2 Be7 9. Bb3 0-0 10. 0-0 c6 11. f4 Ng6 12. f5 Ne5 13. d4 Ned7 14. e5 dxe5 15. dxe5 Re8 16. e6 Bc5+ 17. Kh1 Kf8 18. Bg5 Qc7 19. Qc4 Nh5 20. e7+ Rxe7 21. Bxe7+ Kxe7 22. Qxf7+ Kd8 23. Qxh5 Nf6 24. Rad1+ Bd6 25. Qf3 Ke8 26. Ne4 Be5 27. Nxf6+ gxf6 28. Qd3 Rd8 29. Qxd8+ Qxd8 30. Rxd8+ Kxd8 31. Rd1+ Ke7 32. Re1 Kd6 33. Rxe5 fxe5 34. g4 e4 35. g5 e3 36. Kg2 Ke5 37. f6 Kd6 38. h4 b5 39. h5 a5 40. g6 hxg6 41. hxg6 a4 42. g7 axb3 43. axb3 e2 44. Kf2 c5 45. g8Q c4 46. bxc4 bxc4 47. Qxc4 Ke5 48. f7 e1Q+ 49. Kxe1 Kd6 50. f8R Ke7 51. Kf2 Kxf8 52. Qc7 Ke8 53. Ke3 Kf8 54. Kf4 Kg8 55. Kg5 Kf8 56. Kf6 Ke8 57. Qe7# 1-0

[Event "GER-ch U25-B"]
[Site "Willingen"]
[Date "2019.06.10"]
[Round "3"]
[White "Bendtschneider, Nils"]
[Black "Hoevert, Kai"]
[Result "1/2-1/2"]
[WhiteElo "1219"]
[BlackElo "1536"]
[PlyCount "43"]
[EventDate "2019.06.08"]
[EventType "swiss"]
[EventRounds "9"]
[EventCountry "GER"]
[SourceTitle "CBM 191 Extra"]
[Source "ChessBase"]
[SourceDate "2019.09.30"]
[SourceVersion "1"]
[SourceVersionDate "2019.09.30"]
[SourceQuality "1"]

1. d4 e5 2. dxe5 Nc6 3. Nf3 Qe7 4. Nc3 Nxe5 5. Bf4 Nxf3+ 6. gxf3 c6 7. e3 d5 8. Bd3 d4 9. Ne4 Qb4+ 10. Qd2 Qxb2 11. 0-0 Qb6 12. exd4 Qxd4 13. Rfe1 Be6 14. Rab1 Qd7 15. Bg5 b6 16. Rbd1 Ne7 17. Qe2 Nd5 18. Bc4 Be7 19. Bxe7 Qxe7 20. Bxd5 cxd5 21. Rxd5 0-0 22. Ng5 1/2-1/2